000 00618nam a2200229 i 4500
999 _c4527
_d4527
001 4107726
003 OSt
005 20181206175220.0
008 751222s1975 pau 000 0 eng
010 _a 75023403
020 _a0800782267 :
_c$1.25
040 _aDLC
_cDLC
_dDLC
050 0 0 _aBV873.E8
_bH39
082 0 0 _a235.4
_bH417J
100 1 _aHayes, Norvel.
245 1 0 _aJesus taught me to cast out devils /
_cNorvel Hayes.
260 _aTulsa, Oklahoma;
_bHarrison House;
_c1982
300 _a89p. ;
_c18 cm.
650 0 _aExorcism.
906 _a7
_bcbc
_corignew
_d2
_eocip
_f19
_gy-gencatlg
942 _2ddc
_cBK